<?xml version="1.0" encoding="UTF-8"?>
<record
    xmlns:xsi="http://www.w3.org/2001/XMLSchema-instance"
    xsi:schemaLocation="http://www.loc.gov/MARC21/slim http://www.loc.gov/standards/marcxml/schema/MARC21slim.xsd"
    xmlns="http://www.loc.gov/MARC21/slim">

  <leader>01182nam a22002295a 4500</leader>
  <controlfield tag="003">OSt</controlfield>
  <controlfield tag="005">20161122104039.0</controlfield>
  <controlfield tag="008">161122s2013    ua     frb    000 0 ara d</controlfield>
  <datafield tag="040" ind1=" " ind2=" ">
    <subfield code="a">EG-ScBUE</subfield>
    <subfield code="b">ara</subfield>
    <subfield code="c">EG-ScBUE</subfield>
  </datafield>
  <datafield tag="082" ind1="0" ind2="4">
    <subfield code="a">340.9</subfield>
    <subfield code="b">&#x631; &#x648; &#x628;</subfield>
    <subfield code="2">22</subfield>
  </datafield>
  <datafield tag="100" ind1="1" ind2=" ">
    <subfield code="a">&#x631;&#x648;&#x628;&#x64A;&#x60C; &#x645;&#x62D;&#x645;&#x62F;.</subfield>
  </datafield>
  <datafield tag="245" ind1="1" ind2="0">
    <subfield code="a">&#x62A;&#x646;&#x627;&#x632;&#x639; &#x627;&#x644;&#x642;&#x648;&#x627;&#x646;&#x64A;&#x646; &#x641;&#x64A; &#x645;&#x62C;&#x627;&#x644; &#x627;&#x644;&#x627;&#x644;&#x62A;&#x632;&#x627;&#x645;&#x627;&#x62A; &#x63A;&#x64A;&#x631; &#x627;&#x644;&#x62A;&#x639;&#x627;&#x642;&#x62F;&#x64A;&#x629; :</subfield>
    <subfield code="b">&#x62F;&#x631;&#x627;&#x633;&#x629; &#x62A;&#x623;&#x635;&#x64A;&#x644;&#x64A;&#x629; &#x62A;&#x62D;&#x644;&#x64A;&#x644;&#x64A;&#x629; &#x645;&#x642;&#x627;&#x631;&#x646;&#x629; &#x648;&#x641;&#x642;&#x627; &#x644;&#x645;&#x634;&#x631;&#x648;&#x639; &#x627;&#x644;&#x62A;&#x646;&#x638;&#x64A;&#x645; &#x627;&#x644;&#x623;&#x648;&#x631;&#x648;&#x628;&#x64A; (&#x631;&#x648;&#x645;&#x627; 2) &#x628;&#x634;&#x623;&#x646; &#x627;&#x644;&#x642;&#x627;&#x646;&#x648;&#x646; &#x648;&#x627;&#x62C;&#x628; &#x627;&#x644;&#x62A;&#x637;&#x628;&#x64A;&#x642; &#x639;&#x644;&#x649; &#x627;&#x644;&#x627;&#x644;&#x62A;&#x632;&#x627;&#x645;&#x627;&#x62A; &#x63A;&#x64A;&#x631; &#x627;&#x644;&#x62A;&#x639;&#x627;&#x642;&#x62F;&#x64A;&#x629;&#x60C; &#x648;&#x639;&#x644;&#x645; &#x62A;&#x646;&#x627;&#x632;&#x639; &#x627;&#x644;&#x642;&#x648;&#x627;&#x646;&#x64A;&#x646; &#x648;&#x627;&#x644;&#x627;&#x62A;&#x641;&#x627;&#x642;&#x64A;&#x627;&#x62A; &#x627;&#x644;&#x62F;&#x648;&#x644;&#x64A;&#x629; /</subfield>
    <subfield code="c">&#x645;&#x62D;&#x645;&#x62F; &#x627;&#x644;&#x631;&#x648;&#x628;&#x64A;.</subfield>
  </datafield>
  <datafield tag="250" ind1=" " ind2=" ">
    <subfield code="a">&#x637;. 2&#x60C; &#x646;&#x633;&#x62E;&#x629; &#x645;&#x635;&#x648;&#x631;&#x629; &#x645;&#x646; &#x637;&#x628;&#x639;&#x629; 2005.</subfield>
  </datafield>
  <datafield tag="260" ind1=" " ind2=" ">
    <subfield code="a">&#x627;&#x644;&#x642;&#x627;&#x647;&#x631;&#x629; :</subfield>
    <subfield code="b">&#x62F;&#x627;&#x631; &#x627;&#x644;&#x646;&#x647;&#x636;&#x629; &#x627;&#x644;&#x639;&#x631;&#x628;&#x64A;&#x629;&#x60C;</subfield>
    <subfield code="c">2013.</subfield>
  </datafield>
  <datafield tag="300" ind1=" " ind2=" ">
    <subfield code="a">325 &#x635;. &#x61B;</subfield>
    <subfield code="c">24 &#x633;&#x645;.</subfield>
  </datafield>
  <datafield tag="650" ind1=" " ind2="7">
    <subfield code="a">&#x62A;&#x646;&#x627;&#x632;&#x639; &#x627;&#x644;&#x642;&#x648;&#x627;&#x646;&#x64A;&#x646;</subfield>
    <subfield code="z">&#x623;&#x648;&#x631;&#x648;&#x628;&#x627;.</subfield>
    <subfield code="2">BUEsh</subfield>
  </datafield>
  <datafield tag="650" ind1=" " ind2="7">
    <subfield code="a">&#x627;&#x644;&#x627;&#x644;&#x62A;&#x632;&#x627;&#x645;&#x627;&#x62A;</subfield>
    <subfield code="x">&#x642;&#x648;&#x627;&#x646;&#x64A;&#x646; &#x648;&#x62A;&#x634;&#x631;&#x64A;&#x639;&#x627;&#x62A;</subfield>
    <subfield code="z">&#x623;&#x648;&#x631;&#x648;&#x628;&#x627;.</subfield>
    <subfield code="2">BUEsh</subfield>
  </datafield>
  <datafield tag="650" ind1=" " ind2="7">
    <subfield code="a">&#x627;&#x644;&#x627;&#x62A;&#x641;&#x627;&#x642;&#x64A;&#x627;&#x62A; &#x627;&#x644;&#x62F;&#x648;&#x644;&#x64A;&#x629;. </subfield>
    <subfield code="2">BUEsh</subfield>
    <subfield code="9">16817</subfield>
  </datafield>
  <datafield tag="651" ind1=" " ind2=" ">
    <subfield code="2">BUEsh</subfield>
  </datafield>
  <datafield tag="653" ind1=" " ind2=" ">
    <subfield code="b">LLAAWW</subfield>
    <subfield code="c">November2016</subfield>
  </datafield>
  <datafield tag="942" ind1=" " ind2=" ">
    <subfield code="2">ddc</subfield>
  </datafield>
  <datafield tag="999" ind1=" " ind2=" ">
    <subfield code="c">23247</subfield>
    <subfield code="d">23219</subfield>
  </datafield>
  <datafield tag="952" ind1=" " ind2=" ">
    <subfield code="0">0</subfield>
    <subfield code="1">0</subfield>
    <subfield code="2">ddc</subfield>
    <subfield code="4">0</subfield>
    <subfield code="7">0</subfield>
    <subfield code="8">DarN.AR.</subfield>
    <subfield code="a">MAIN</subfield>
    <subfield code="b">MAIN</subfield>
    <subfield code="c">1ST</subfield>
    <subfield code="d">2016-11-22</subfield>
    <subfield code="e">Purchase</subfield>
    <subfield code="g">70.00</subfield>
    <subfield code="h">2815</subfield>
    <subfield code="o">340.9 &#x631; &#x648; &#x628;</subfield>
    <subfield code="p">000034946</subfield>
    <subfield code="r">2025-07-15 00:00:00</subfield>
    <subfield code="s">2022-11-29</subfield>
    <subfield code="v">87.50</subfield>
    <subfield code="y">BB</subfield>
  </datafield>
  <datafield tag="952" ind1=" " ind2=" ">
    <subfield code="0">0</subfield>
    <subfield code="1">0</subfield>
    <subfield code="2">ddc</subfield>
    <subfield code="4">0</subfield>
    <subfield code="7">0</subfield>
    <subfield code="8">DarN.AR.</subfield>
    <subfield code="a">MAIN</subfield>
    <subfield code="b">MAIN</subfield>
    <subfield code="c">1ST</subfield>
    <subfield code="d">2016-11-22</subfield>
    <subfield code="e">Purchase</subfield>
    <subfield code="g">570.00</subfield>
    <subfield code="h">2815</subfield>
    <subfield code="o">340.9 &#x631; &#x648; &#x628;</subfield>
    <subfield code="p">000034947</subfield>
    <subfield code="q">2026-06-02</subfield>
    <subfield code="r">2025-10-28 00:00:00</subfield>
    <subfield code="s">2025-10-28</subfield>
    <subfield code="v">712.50</subfield>
    <subfield code="y">BB</subfield>
  </datafield>
</record>
